Halakki Vokkalu: a tribe in transition (Record no. 67354)

000 -LEADER
fixed length control field 00377pab a2200157 454500
008 - FIXED-LENGTH DATA ELEMENTS--GENERAL INFORMATION
fixed length control field 180718b2004 xxu||||| |||| 00| 0 eng d
100 ## - MAIN ENTRY--PERSONAL NAME
Personal name Hittalmani, S.V.
245 ## - TITLE STATEMENT
Title Halakki Vokkalu: a tribe in transition
260 ## - PUBLICATION, DISTRIBUTION, ETC.
Date of publication, distribution, etc. 2004
300 ## - PHYSICAL DESCRIPTION
Extent p.42-45.
362 ## - DATES OF PUBLICATION AND/OR SEQUENTIAL DESIGNATION
Dates of publication and/or sequential designation Mar
650 ## - SUBJECT ADDED ENTRY--TOPICAL TERM
Topical term or geographic name entry element Tribes
700 ## - ADDED ENTRY--PERSONAL NAME
Personal name Gurav, Kaveri
773 ## - HOST ITEM ENTRY
Main entry heading Tribal Research Bulletin
909 ## -
-- 67354
Holdings
Withdrawn status Lost status Damaged status Not for loan Permanent Location Current Location Date acquired Serial Enumeration / chronology Barcode Date last seen Price effective from Koha item type
        Indian Institute of Public Administration Indian Institute of Public Administration 2018-07-19 Volume no: 27, Issue no: 1 AR67810 2018-07-19 2018-07-19 Articles

Powered by Koha